les clubs de betclic elite et pro B - Statistiques

Statistiques générales
  • Ce quiz a été pris 214 fois
  • Le résultat moyen est 9 sur 17
Answers on the Grid
Answers color-coded by a green-red scale on the quiz's grid according to % correct below.
asvel
cholet
le havre
monaco
roanne
grenoble
nantes
caen
nancy
st vallier
chartres
mulhouse
lille
starsbourg
toulouse
poissy
marseille
antibes
paris
aix maurienne
rouen
rennes
limoges
poitiers
metz
lorient
nanterre
quimper
la rochelle
tours
 
Statistiques - réponses
Réponse % Correct
asvel
96%
cholet
92%
monaco
81%
roanne
74%
nancy
72%
starsbourg
53%
limoges
52%
paris
52%
nanterre
50%
nantes
44%
antibes
40%
la rochelle
39%
aix maurienne
36%
poitiers
36%
chartres
35%
caen
32%
rouen
30%
Aucun quiz correspondant
Distribution des résultats
% des personnes avec chaque résultat
Percentile par nombre de réponses
Votre historique - résultats
Vous n’avez pas pris ce quiz